Hommes-Poissons par images (One Piece) - Statistiques

Statistiques générales
  • Ce quiz a été pris 36 fois
  • Le résultat moyen est 13 sur 16
Statistiques - réponses
Par images Réponse % Correct
Arlong
100%
Jinbe
100%
Jack
96%
Octo
96%
Fisher Tiger
92%
Hody Jones
92%
Tom
88%
Vander Decken IX
81%
Dellinger
77%
Kawamatsu
77%
Hack
73%
Smack
69%
Wadatsumi
65%
Kuroobi
62%
Sasaki
62%
Dosun
42%
Aucun quiz correspondant
Distribution des résultats
% des personnes avec chaque résultat
Percentile par nombre de réponses
Votre historique - résultats
Vous n’avez pas pris ce quiz